[Event "URS-ch FL55"]
[Site "Sverdlovsk"]
[Date "1987.??.??"]
[Round "?"]
[White "Psakhis, Lev"]
[Black "Oll, Lembit"]
[Result "1/2-1/2"]
[WhiteElo "2575"]
[BlackElo "2465"]
[PlyCount "80"]
[EventDate "1987.11.??"]
[EventType "tourn"]
[EventRounds "17"]
[EventCountry "URS"]
[EventCategory "10"]
[Source "ChessBase"]
[SourceDate "1994.03.01"]

1. d4 Nf6 2. c4 e6 3. Nf3 b6 4. g3 Bb7 5. Bg2 Be7 6. Nc3 Ne4 7. Bd2 O-O 8. d5
Nxd2 9. Nxd2 c6 10. O-O Na6 11. Nb3 Bf6 12. d6 Rb8 13. Re1 c5 14. Bxb7 Rxb7 15.
Nd2 Nb4 16. Nde4 Be5 17. Qd2 g6 18. f4 Bg7 19. g4 f5 20. gxf5 exf5 21. Ng5 Qf6
22. e3 Rbb8 23. a3 h6 24. axb4 hxg5 25. b5 gxf4 26. exf4 Rbe8 27. Rf1 Qd4+ 28.
Qxd4 Bxd4+ 29. Kg2 Bxc3 30. bxc3 Rf6 31. Rfd1 Ra8 32. Re1 Rxd6 33. Re7 Rd3 34.
Kf2 Rxc3 35. Rxd7 Rxc4 36. Kg3 Re4 37. Rc7 Kf8 38. Rh7 Rae8 39. Raxa7 R4e7 40.
Kh4 Rxh7+ 1/2-1/2

[Event "URS-ch FL55"]
[Site "Sverdlovsk"]
[Date "1987.??.??"]
[Round "?"]
[White "Smirin, Ilia"]
[Black "Oll, Lembit"]
[Result "1/2-1/2"]
[WhiteElo "2480"]
[BlackElo "2465"]
[PlyCount "41"]
[EventDate "1987.11.??"]
[EventType "tourn"]
[EventRounds "17"]
[EventCountry "URS"]
[EventCategory "10"]
[Source "ChessBase"]
[SourceDate "1994.03.01"]

1. e4 c5 2. Nf3 d6 3. d4 cxd4 4. Nxd4 Nf6 5. Nc3 a6 6. Be3 Nc6 7. Nb3 e6 8. a4
Na5 9. Nxa5 Qxa5 10. Bd3 Bd7 11. O-O Bc6 12. Bd2 Qc7 13. b4 Be7 14. b5 axb5 15.
axb5 Rxa1 16. Qxa1 Bd7 17. Qa8+ Bd8 18. b6 Qxb6 19. Rb1 Qc5 20. Qxb7 O-O 21.
Qb4 1/2-1/2

[Event "URS-ch FL55"]
[Site "Sverdlovsk"]
[Date "1987.??.??"]
[Round "?"]
[White "Timoscenko, Gennadij"]
[Black "Oll, Lembit"]
[Result "1/2-1/2"]
[WhiteElo "2490"]
[BlackElo "2465"]
[PlyCount "68"]
[EventDate "1987.11.??"]
[EventType "tourn"]
[EventRounds "17"]
[EventCountry "URS"]
[EventCategory "10"]
[Source "ChessBase"]
[SourceDate "1994.03.01"]

1. d4 Nf6 2. c4 e6 3. Nc3 Bb4 4. e3 c5 5. Bd3 Nc6 6. Nge2 cxd4 7. exd4 d5 8.
cxd5 Nxd5 9. O-O Nf6 10. Bc2 h6 11. Qd3 Bd6 12. a3 Ne7 13. Bf4 O-O 14. Rad1
Bxf4 15. Nxf4 b6 16. Ne4 Nf5 17. Nxf6+ Qxf6 18. Nh5 Qg5 19. Ng3 Bb7 20. f4 Qg4
21. Rd2 g6 22. Bd1 Qh4 23. Nxf5 gxf5 24. Bf3 Rab8 25. Qe3 Rfd8 26. Qe5 Qe7 27.
Bxb7 Rxb7 28. Rd3 Kh7 29. Rg3 f6 30. Qe2 Rxd4 31. Re3 Qc5 32. b4 Qd5 33. Rxe6
Rd2 34. Re7+ Rxe7 1/2-1/2

[Event "FIN-EST"]
[Site "Finland"]
[Date "1988.??.??"]
[Round "2"]
[White "Yrjola, Jouni"]
[Black "Oll, Lembit"]
[Result "1/2-1/2"]
[WhiteElo "2455"]
[BlackElo "2465"]
[PlyCount "44"]
[EventDate "1988.??.??"]
[EventType "team"]
[EventRounds "2"]
[EventCountry "FIN"]
[Source "ChessBase"]
[SourceDate "1996.11.15"]

1. d4 d5 2. c4 c6 3. Nc3 Nf6 4. e3 Bf5 5. cxd5 Nxd5 6. Nxd5 cxd5 7. Qb3 Qd7 8.
Nf3 f6 9. Be2 Nc6 10. O-O e6 11. Nh4 Bg6 12. Nxg6 hxg6 13. f4 Bd6 14. g3 O-O-O
15. Bd2 Kb8 16. Bb5 Rc8 17. Rac1 Ka8 18. Rc3 a6 19. Qa4 Kb8 20. Bxa6 bxa6 21.
Rfc1 Kb7 22. Rb3+ Ka7 1/2-1/2

[Event "URS Cup rapid"]
[Site "Tallinn"]
[Date "1988.??.??"]
[Round "1"]
[White "Oll, Lembit"]
[Black "Ehlvest, Jaan"]
[Result "1-0"]
[WhiteElo "2465"]
[BlackElo "2585"]
[PlyCount "59"]
[EventDate "1988.??.??"]
[EventType "swiss (rapid)"]
[EventRounds "11"]
[EventCountry "URS"]
[Source "ChessBase"]
[SourceDate "1999.11.16"]

1. e4 e6 2. d4 d5 3. Nc3 Bb4 4. e5 Ne7 5. a3 Bxc3+ 6. bxc3 c5 7. Qg4 O-O 8. Bd3
Nbc6 9. Nf3 f5 10. exf6 Rxf6 11. Bg5 Rf7 12. Qh4 h6 13. Bxe7 Qxe7 14. Qxe7 Rxe7
15. dxc5 e5 16. Bb5 Bg4 17. Nd2 Rc7 18. Nb3 Ne7 19. f3 Bf5 20. O-O-O b6 21.
Rhe1 bxc5 22. Rxe5 Rb8 23. c4 dxc4 24. Bxc4+ Kf8 25. Nxc5 Rbc8 26. g4 g6 27.
Rxf5+ gxf5 28. Ne6+ Ke8 29. Nxc7+ Rxc7 30. Bb5+ 1-0

[Event "URS Cup rapid"]
[Site "Tallinn"]
[Date "1988.??.??"]
[Round "3"]
[White "Oll, Lembit"]
[Black "Azmaiparashvili, Zurab"]
[Result "1/2-1/2"]
[WhiteElo "2465"]
[BlackElo "2540"]
[PlyCount "89"]
[EventDate "1988.??.??"]
[EventType "swiss (rapid)"]
[EventRounds "11"]
[EventCountry "URS"]
[Source "ChessBase"]
[SourceDate "1999.11.16"]

1. e4 d6 2. d4 Nf6 3. Nc3 g6 4. f4 Bg7 5. Nf3 c5 6. Bb5+ Bd7 7. e5 Ng4 8. e6
Bxb5 9. exf7+ Kd7 10. Nxb5 Qa5+ 11. Nc3 cxd4 12. Nxd4 h5 13. h3 Nc6 14. Nde2
Nf6 15. O-O Qc5+ 16. Kh1 Raf8 17. Ng3 h4 18. Nge4 Qf5 19. Nxf6+ Bxf6 20. Nd5
Bd4 21. c4 Rxf7 22. Be3 Bxe3 23. Nxe3 Qe4 24. Qg4+ Qe6 25. Qf3 Kc8 26. Nd5 Qd7
27. Rae1 Rhf8 28. Qe3 g5 29. b4 Kb8 30. Kg1 gxf4 31. Rxf4 Rxf4 32. Nxf4 Nxb4
33. Ng6 Rc8 34. Nxe7 Nc2 35. Qe6 Qxe6 36. Rxe6 Rxc4 37. Rxd6 a5 38. Rd8+ Ka7
39. Nc8+ Ka6 40. Rd6+ Kb5 41. Rb6+ Ka4 42. Nd6 Rc6 43. Rxc6 bxc6 44. g3 hxg3
45. h4 1/2-1/2

[Event "URS Cup rapid"]
[Site "Tallinn"]
[Date "1988.??.??"]
[Round "4"]
[White "Vaisser, Anatoli"]
[Black "Oll, Lembit"]
[Result "1-0"]
[WhiteElo "2490"]
[BlackElo "2465"]
[PlyCount "81"]
[EventDate "1988.??.??"]
[EventType "swiss (rapid)"]
[EventRounds "11"]
[EventCountry "URS"]
[Source "ChessBase"]
[SourceDate "1999.11.16"]

1. d4 Nf6 2. c4 e6 3. Nc3 Bb4 4. e3 c5 5. a3 Bxc3+ 6. bxc3 O-O 7. Bd3 d5 8.
cxd5 exd5 9. Ne2 b6 10. O-O Ba6 11. Bxa6 Nxa6 12. f3 Nc7 13. Qd3 Qd7 14. e4 Qb5
15. Qxb5 Nxb5 16. a4 Nc7 17. exd5 Rfe8 18. d6 Ncd5 19. Kf2 c4 20. Re1 Re6 21.
Bd2 Rxd6 22. Ng3 Re6 23. Nf5 Rae8 24. Rxe6 Rxe6 25. g4 g6 26. Ng3 Ne8 27. a5 b5
28. Ne4 Nd6 29. Nc5 Re8 30. a6 f6 31. Nb7 Re6 32. Ra5 Ne8 33. Rxb5 Nec7 34. Rc5
Rxa6 35. Na5 Kf7 36. Nxc4 Ra2 37. Ke1 Ra1+ 38. Ke2 Rh1 39. Na5 Rxh2+ 40. Kd3
Rf2 41. c4 1-0

[Event "URS Cup rapid"]
[Site "Tallinn"]
[Date "1988.??.??"]
[Round "5"]
[White "Oll, Lembit"]
[Black "Novikov, Igor"]
[Result "0-1"]
[WhiteElo "2465"]
[BlackElo "2485"]
[PlyCount "56"]
[EventDate "1988.??.??"]
[EventType "swiss (rapid)"]
[EventRounds "11"]
[EventCountry "URS"]
[Source "ChessBase"]
[SourceDate "1999.11.16"]

1. c4 Nf6 2. Nc3 e6 3. Nf3 d5 4. d4 c6 5. e3 Nbd7 6. Bd3 dxc4 7. Bxc4 b5 8. Bd3
Bb7 9. e4 b4 10. Na4 c5 11. e5 Nd5 12. O-O cxd4 13. Nxd4 Nxe5 14. Bb5+ Nd7 15.
Re1 Rc8 16. Qh5 g6 17. Qh3 a6 18. Bg5 Be7 19. Bxe7 Qxe7 20. Nxe6 fxe6 21. Rxe6
axb5 22. Rae1 Qxe6 23. Rxe6+ Kf7 24. Re1 N7f6 25. Qe6+ Kg7 26. Qd6 Rhe8 27. Rd1
bxa4 28. h3 Rcd8 0-1

[Event "URS Cup rapid"]
[Site "Tallinn"]
[Date "1988.??.??"]
[Round "6"]
[White "Veingold, Aleksandr"]
[Black "Oll, Lembit"]
[Result "0-1"]
[WhiteElo "2435"]
[BlackElo "2465"]
[PlyCount "86"]
[EventDate "1988.??.??"]
[EventType "swiss (rapid)"]
[EventRounds "11"]
[EventCountry "URS"]
[Source "ChessBase"]
[SourceDate "1999.11.16"]

1. Nf3 Nf6 2. c4 c6 3. d4 d5 4. Nc3 e6 5. Bg5 dxc4 6. e4 b5 7. a4 Bb7 8. axb5
cxb5 9. e5 h6 10. Bd2 Ne4 11. Nxb5 Nxd2 12. Nxd2 a6 13. Nc3 Qxd4 14. Nxc4 Nc6
15. Qxd4 Nxd4 16. O-O-O O-O-O 17. f3 Bb4 18. Bd3 Kb8 19. Be4 f5 20. Bxb7 Kxb7
21. Na2 Be7 22. Kb1 Nc6 23. Nc3 Rxd1+ 24. Rxd1 Rd8 25. Rxd8 Nxd8 26. g4 Kc6 27.
Kc2 Kc5 28. Kd3 Nc6 29. Na4+ Kb4 30. Nab6 g6 31. gxf5 gxf5 32. f4 Kb3 33. Nd7
Nb4+ 34. Kd4 Nc2+ 35. Kd3 Ne1+ 36. Kd4 Nf3+ 37. Kd3 Nxh2 38. Nb8 h5 39. Nc6 Bc5
40. Nd8 h4 41. Nd2+ Kxb2 42. Nxe6 Ba7 43. Ng5 Ng4 0-1

[Event "URS Cup rapid"]
[Site "Tallinn"]
[Date "1988.??.??"]
[Round "7"]
[White "Oll, Lembit"]
[Black "Sveshnikov, Evgeny"]
[Result "1-0"]
[WhiteElo "2465"]
[BlackElo "2450"]
[PlyCount "96"]
[EventDate "1988.??.??"]
[EventType "swiss (rapid)"]
[EventRounds "11"]
[EventCountry "URS"]
[Source "ChessBase"]
[SourceDate "1999.11.16"]

1. c4 e6 2. Nf3 d5 3. d4 Nf6 4. Nc3 c6 5. e3 Nbd7 6. Bd3 dxc4 7. Bxc4 b5 8. Bd3
Bb7 9. e4 b4 10. Na4 c5 11. e5 Nd5 12. O-O cxd4 13. Nxd4 Nxe5 14. Bb5+ Nd7 15.
Re1 Rc8 16. Qh5 g6 17. Qh3 a6 18. Bg5 Be7 19. Bxe7 Nxe7 20. Nxe6 fxe6 21. Bxd7+
Qxd7 22. Nb6 Qd8 23. Nxc8 Bxc8 24. Rad1 Qb6 25. Qh4 Nf5 26. Qf6 Rf8 27. Qe5 Ke7
28. Rd2 Rd8 29. Rxd8 Qxd8 30. Qc5+ Kf7 31. Rc1 Bd7 32. Qxb4 Bc6 33. Qf4 Qd5 34.
Qc7+ Ne7 35. Qf4+ Kg7 36. f3 g5 37. Qe3 Kf6 38. b3 Bb7 39. Qc3+ Kf7 40. Re1 Nf5
41. Re5 Qd6 42. Re1 Nd4 43. Kf2 e5 44. Qd3 Kg7 45. Qe3 Kf6 46. h4 h6 47. hxg5+
hxg5 48. Qd3 Qc5 1-0

[Event "URS Cup rapid"]
[Site "Tallinn"]
[Date "1988.??.??"]
[Round "9"]
[White "Oll, Lembit"]
[Black "Vladimirov, Evgeny"]
[Result "1-0"]
[WhiteElo "2465"]
[BlackElo "2525"]
[PlyCount "82"]
[EventDate "1988.??.??"]
[EventType "swiss (rapid)"]
[EventRounds "11"]
[EventCountry "URS"]
[Source "ChessBase"]
[SourceDate "1999.11.16"]

1. e4 e5 2. Nf3 Nf6 3. d4 Nxe4 4. Bd3 d5 5. Nxe5 Nd7 6. Nxd7 Bxd7 7. O-O Qh4 8.
c4 O-O-O 9. c5 g5 10. Nc3 Bg7 11. Ne2 f5 12. f3 Rhf8 13. a4 Rf6 14. Qe1 Qh5 15.
fxe4 Rh6 16. Qg3 dxe4 17. Bxg5 Rg6 18. Bxd8 Rxg3 19. Nxg3 Qg6 20. Bb5 c6 21.
Be7 cxb5 22. axb5 Bxd4+ 23. Kh1 e3 24. Rxa7 Bxb5 25. Rd1 f4 26. Ra8+ Kd7 27.
Bh4 Ke6 28. Rd8 Bxc5 29. b4 Be7 30. Bxe7 Kxe7 31. R8d5 Ba4 32. Nf5+ Kf8 33. Rf1
e2 34. Re1 Bc6 35. Nh4 Qg4 36. Rf5+ Kg7 37. b5 Qxh4 38. Rxe2 Kg6 39. bxc6 Kxf5
40. c7 f3 41. c8=Q+ Kg6 1-0

[Event "URS Cup rapid"]
[Site "Tallinn"]
[Date "1988.??.??"]
[Round "10"]
[White "Epishin, Vladimir"]
[Black "Oll, Lembit"]
[Result "1-0"]
[WhiteElo "2475"]
[BlackElo "2465"]
[PlyCount "85"]
[EventDate "1988.??.??"]
[EventType "swiss (rapid)"]
[EventRounds "11"]
[EventCountry "URS"]
[Source "ChessBase"]
[SourceDate "1999.11.16"]

1. d4 Nf6 2. Nf3 d5 3. c4 e6 4. e3 b6 5. Bd3 Bb7 6. O-O Bd6 7. Nc3 O-O 8. Qc2
dxc4 9. Bxc4 c5 10. Rd1 Bxf3 11. gxf3 cxd4 12. Rxd4 Nc6 13. Rd1 Qe7 14. Qe2
Rfd8 15. f4 Bb4 16. Bd2 e5 17. Bb5 Rac8 18. fxe5 Nxe5 19. Be1 Qe6 20. f3 Bc5
21. Kg2 Ng6 22. Bf2 Nh5 23. Kh1 Qh3 24. Rxd8+ Rxd8 25. Rd1 Rf8 26. Bd7 f5 27.
Bc6 Ne5 28. Bd5+ Kh8 29. Qf1 Qxf1+ 30. Rxf1 Nd3 31. Bg1 Nxb2 32. Nb5 Nf6 33.
Bb3 a5 34. Rb1 Nd3 35. Nd4 Re8 36. Nxf5 b5 37. Nd4 a4 38. Bc2 Nb4 39. a3 Nxc2
40. Nxc2 Rb8 41. e4 Nd7 42. Bxc5 Nxc5 43. Nd4 1-0

[Event "URS-ch otbor56"]
[Site "Uzhgorod"]
[Date "1988.??.??"]
[Round "?"]
[White "Basin, Leonid"]
[Black "Oll, Lembit"]
[Result "1/2-1/2"]
[WhiteElo "2350"]
[BlackElo "2475"]
[PlyCount "25"]
[EventDate "1988.??.??"]
[EventType "swiss"]
[EventRounds "11"]
[EventCountry "URS"]
[Source "ChessBase"]
[SourceDate "1994.03.01"]

1. d4 d5 2. c4 e6 3. Nc3 c6 4. Nf3 Nf6 5. e3 Nbd7 6. Bd3 dxc4 7. Bxc4 b5 8. Be2
Bb7 9. O-O a6 10. a3 c5 11. dxc5 Nxc5 12. b4 Ncd7 13. Bb2 1/2-1/2

[Event "URS-ch otbor56"]
[Site "Uzhgorod"]
[Date "1988.??.??"]
[Round "?"]
[White "Janjgava, Lasha"]
[Black "Oll, Lembit"]
[Result "1-0"]
[WhiteElo "2470"]
[BlackElo "2475"]
[PlyCount "41"]
[EventDate "1988.??.??"]
[EventType "swiss"]
[EventRounds "11"]
[EventCountry "URS"]
[Source "ChessBase"]
[SourceDate "1994.03.01"]

1. d4 Nf6 2. c4 e6 3. Nf3 d5 4. Nc3 dxc4 5. Qa4+ Nbd7 6. e4 c5 7. d5 Qb6 8.
dxe6 fxe6 9. Bxc4 Qb4 10. Qxb4 cxb4 11. Nb5 Nb6 12. Bb3 Ke7 13. Nc7 Rb8 14. Bf4
Nxe4 15. Nxe6 Bxe6 16. Bxb8 Bxb3 17. axb3 a6 18. O-O Kf6 19. Rad1 Bc5 20. Be5+
Kf5 21. Bd4 1-0

[Event "URS-ch otbor56"]
[Site "Uzhgorod"]
[Date "1988.??.??"]
[Round "?"]
[White "Oll, Lembit"]
[Black "Guseinov, Aidyn"]
[Result "1-0"]
[WhiteElo "2475"]
[BlackElo "2325"]
[PlyCount "71"]
[EventDate "1988.??.??"]
[EventType "swiss"]
[EventRounds "11"]
[EventCountry "URS"]
[Source "ChessBase"]
[SourceDate "1994.03.01"]

1. e4 e5 2. Nf3 Nc6 3. Bb5 Nd4 4. Nxd4 exd4 5. O-O Bc5 6. Bc4 d6 7. d3 c6 8.
Qh5 Qd7 9. Bg5 h6 10. Nd2 g6 11. Qh4 Qg4 12. f4 Kf8 13. h3 Qxh4 14. Bxh4 f5 15.
a4 fxe4 16. Nxe4 b6 17. Ba2 d5 18. Nxc5 bxc5 19. c4 Ne7 20. Rac1 Bf5 21. cxd5
Nxd5 22. Rxc5 Nb4 23. Bc4 Kg7 24. Rd1 Rhe8 25. Rd2 h5 26. Bf2 Rad8 27. Ra5 a6
28. Rc5 Kf8 29. Kh2 Rd6 30. Kg3 Kg7 31. Kf3 Rh8 32. Re5 Rhd8 33. g4 Bd7 34. Bh4
Re8 35. Rxe8 Bxe8 36. Be7 1-0

[Event "URS-ch otbor56"]
[Site "Uzhgorod"]
[Date "1988.??.??"]
[Round "?"]
[White "Oll, Lembit"]
[Black "Ruban, Vadim"]
[Result "1/2-1/2"]
[WhiteElo "2475"]
[BlackElo "2395"]
[PlyCount "29"]
[EventDate "1988.??.??"]
[EventType "swiss"]
[EventRounds "11"]
[EventCountry "URS"]
[Source "ChessBase"]
[SourceDate "1994.03.01"]

1. e4 c5 2. Nf3 d6 3. d4 cxd4 4. Nxd4 Nf6 5. Nc3 Nc6 6. Bg5 e6 7. Qd2 a6 8.
O-O-O h6 9. Be3 Nxd4 10. Qxd4 Qc7 11. Qb6 Qxb6 12. Bxb6 Bd7 13. f3 Bc6 14. Bc4
Rc8 15. Bb3 1/2-1/2

[Event "URS-ch otbor56"]
[Site "Uzhgorod"]
[Date "1988.??.??"]
[Round "?"]
[White "Oll, Lembit"]
[Black "Shabanov, Yuri"]
[Result "1-0"]
[WhiteElo "2475"]
[BlackElo "2395"]
[PlyCount "71"]
[EventDate "1988.??.??"]
[EventType "swiss"]
[EventRounds "11"]
[EventCountry "URS"]
[Source "ChessBase"]
[SourceDate "1994.03.01"]

1. c4 c6 2. e4 e5 3. Nf3 d6 4. d4 Nd7 5. Nc3 Ngf6 6. Be2 Be7 7. O-O O-O 8. Rb1
Re8 9. Re1 Qc7 10. b4 a6 11. Bg5 h6 12. Bh4 Nf8 13. dxe5 dxe5 14. Bg3 Ng6 15.
c5 a5 16. a3 Nh5 17. Bc4 Nxg3 18. hxg3 Nf8 19. Qb3 Be6 20. Nd5 cxd5 21. exd5
Bf6 22. dxe6 Nxe6 23. Qe3 axb4 24. axb4 Ng5 25. Nxg5 Bxg5 26. Qe4 Bd2 27. Red1
Bc3 28. Rd6 Red8 29. Rb3 Rxd6 30. cxd6 Ra1+ 31. Kh2 Qxd6 32. Rxc3 Qd1 33. Bxf7+
Kxf7 34. Qf5+ Ke7 35. Rc7+ Kd8 36. Qc8# 1-0

[Event "URS-ch otbor56"]
[Site "Uzhgorod"]
[Date "1988.??.??"]
[Round "?"]
[White "Oll, Lembit"]
[Black "Ulibin, Mikhail"]
[Result "1/2-1/2"]
[WhiteElo "2475"]
[BlackElo "2390"]
[PlyCount "46"]
[EventDate "1988.??.??"]
[EventType "swiss"]
[EventRounds "11"]
[EventCountry "URS"]
[Source "ChessBase"]
[SourceDate "1994.03.01"]

1. e4 e6 2. d4 d5 3. Nc3 Bb4 4. e5 c5 5. a3 Bxc3+ 6. bxc3 Ne7 7. Qg4 O-O 8. Nf3
Nbc6 9. Bd3 f5 10. exf6 Rxf6 11. Bg5 Rf7 12. Bxe7 Rxe7 13. Qh4 g6 14. O-O c4
15. Be2 Bd7 16. Rfe1 Qa5 17. Ne5 Rae8 18. Ng4 Qxc3 19. Qf6 Rg7 20. Nh6+ Kh8 21.
Red1 Qxc2 22. Nf7+ Kg8 23. Nh6+ Kh8 1/2-1/2

[Event "URS-ch otbor56"]
[Site "Uzhgorod"]
[Date "1988.??.??"]
[Round "?"]
[White "Vakhidov, Tahir"]
[Black "Oll, Lembit"]
[Result "1/2-1/2"]
[WhiteElo "2290"]
[BlackElo "2475"]
[PlyCount "33"]
[EventDate "1988.??.??"]
[EventType "swiss"]
[EventRounds "11"]
[EventCountry "URS"]
[Source "ChessBase"]
[SourceDate "1994.03.01"]

1. c4 Nf6 2. Nc3 e6 3. e4 d5 4. e5 Ne4 5. Nf3 Be7 6. d4 O-O 7. cxd5 exd5 8. Bd3
Nxc3 9. bxc3 Bg4 10. Rb1 b6 11. O-O Nc6 12. Qc2 Bxf3 13. gxf3 g6 14. f4 f5 15.
Qa4 Na5 16. c4 c6 17. Bd2 1/2-1/2

[Event "Vilnius"]
[Site "Vilnius"]
[Date "1988.??.??"]
[Round "?"]
[White "Gelfand, Boris"]
[Black "Oll, Lembit"]
[Result "1/2-1/2"]
[WhiteElo "2505"]
[BlackElo "2465"]
[PlyCount "51"]
[EventDate "1988.01.??"]
[EventType "tourn"]
[EventRounds "15"]
[EventCountry "URS"]
[EventCategory "9"]
[Source "ChessBase"]
[SourceDate "1988.12.01"]

1. d4 d5 2. c4 c6 3. Nc3 Nf6 4. Nf3 e6 5. e3 Nbd7 6. Bd3 dxc4 7. Bxc4 b5 8. Bd3
Bb7 9. e4 b4 10. Na4 c5 11. e5 Nd5 12. O-O h6 13. dxc5 Bxc5 14. Nxc5 Nxc5 15.
Bb5+ Kf8 16. Qd4 Rc8 17. Bd2 Qb6 18. Be2 g6 19. Qh4 Kg7 20. Rac1 Ba6 21. Bxa6
Qxa6 22. Be3 Nd3 23. Rxc8 Qxc8 24. Qd4 Nxe3 25. Qxe3 Nxb2 26. Qxa7 1/2-1/2

[Event "Vilnius"]
[Site "Vilnius"]
[Date "1988.??.??"]
[Round "?"]
[White "Janjgava, Lasha"]
[Black "Oll, Lembit"]
[Result "1-0"]
[WhiteElo "2425"]
[BlackElo "2465"]
[PlyCount "86"]
[EventDate "1988.01.??"]
[EventType "tourn"]
[EventRounds "15"]
[EventCountry "URS"]
[EventCategory "9"]
[Source "ChessBase"]
[SourceDate "1988.12.01"]

1. c4 Nf6 2. Nf3 b6 3. Nc3 Bb7 4. d4 e6 5. a3 d5 6. cxd5 Nxd5 7. Qc2 c5 8. e4
Nxc3 9. bxc3 Nd7 10. Bf4 Be7 11. Bd3 Rc8 12. Qe2 O-O 13. O-O cxd4 14. cxd4 Nf6
15. Bd2 Rc7 16. Rfe1 Bc6 17. a4 a5 18. Qd1 h6 19. Qb3 Qa8 20. Qxb6 Rfc8 21.
Rac1 Bd6 22. d5 exd5 23. e5 Nd7 24. Qd4 Bb4 25. Bxb4 axb4 26. Qxb4 Bxa4 27.
Rxc7 Rxc7 28. e6 fxe6 29. Qe7 Ra7 30. Qxe6+ Kh8 31. Rc1 Qg8 32. Qf5 Nf8 33. Ne5
Be8 34. h4 g6 35. Qf4 Qg7 36. Rc8 Re7 37. Ng4 Ne6 38. Qb8 Qa1+ 39. Kh2 Qa4 40.
Qe5+ Kg8 41. Nf6+ Kf7 42. Nxd5 Qxh4+ 43. Kg1 Bd7 1-0

[Event "Vilnius"]
[Site "Vilnius"]
[Date "1988.??.??"]
[Round "?"]
[White "Malisauskas, Vidmantas"]
[Black "Oll, Lembit"]
[Result "1-0"]
[WhiteElo "2390"]
[BlackElo "2465"]
[PlyCount "35"]
[EventDate "1988.01.??"]
[EventType "tourn"]
[EventRounds "15"]
[EventCountry "URS"]
[EventCategory "9"]
[Source "ChessBase"]
[SourceDate "1988.12.01"]

1. e4 c5 2. Nf3 d6 3. d4 cxd4 4. Nxd4 Nf6 5. Nc3 a6 6. Bd3 e6 7. O-O b5 8. a4
b4 9. Na2 Bb7 10. Re1 Be7 11. Nxb4 d5 12. e5 Bxb4 13. c3 Bc5 14. exf6 Qxf6 15.
Qg4 h5 16. Qg3 h4 17. Qc7 Qe7 18. Nxe6 1-0

[Event "Vilnius"]
[Site "Vilnius"]
[Date "1988.??.??"]
[Round "?"]
[White "Oll, Lembit"]
[Black "Dreev, Alexey"]
[Result "1/2-1/2"]
[WhiteElo "2465"]
[BlackElo "2485"]
[PlyCount "55"]
[EventDate "1988.01.??"]
[EventType "tourn"]
[EventRounds "15"]
[EventCountry "URS"]
[EventCategory "9"]
[Source "ChessBase"]
[SourceDate "1988.12.01"]

1. d4 d5 2. c4 e6 3. Nf3 c6 4. Nc3 Nf6 5. Bg5 Nbd7 6. e3 Be7 7. Rc1 O-O 8. Bd3
a6 9. c5 e5 10. dxe5 Ne8 11. h4 Nxc5 12. Bb1 f6 13. exf6 Nxf6 14. Bxf6 Rxf6 15.
Nd4 Ne6 16. Qd3 Nf8 17. e4 dxe4 18. Nxe4 Rh6 19. g3 Rh5 20. O-O Rd5 21. Qb3 Kh8
22. Nf3 Rb5 23. Qc3 Qa5 24. Qc2 Bf5 25. Nd4 Bxe4 26. Qxe4 Re5 27. Qf3 Qd5 28.
Qxd5 1/2-1/2

[Event "Vilnius"]
[Site "Vilnius"]
[Date "1988.??.??"]
[Round "?"]
[White "Oll, Lembit"]
[Black "Epishin, Vladimir"]
[Result "1/2-1/2"]
[WhiteElo "2465"]
[BlackElo "2475"]
[PlyCount "34"]
[EventDate "1988.01.??"]
[EventType "tourn"]
[EventRounds "15"]
[EventCountry "URS"]
[EventCategory "9"]
[Source "ChessBase"]
[SourceDate "1988.12.01"]

1. e4 c6 2. d4 d5 3. exd5 cxd5 4. c4 Nf6 5. Nc3 g6 6. cxd5 Nxd5 7. Qb3 Nxc3 8.
bxc3 Bg7 9. Nf3 Nc6 10. Bd3 O-O 11. O-O Bg4 12. Bg5 Qc7 13. Rfe1 Rac8 14. Bd2
Na5 15. Qb4 Nc6 16. Qb3 Na5 17. Qb4 Nc6 1/2-1/2

[Event "Vilnius"]
[Site "Vilnius"]
[Date "1988.??.??"]
[Round "?"]
[White "Oll, Lembit"]
[Black "Goldin, Alexander"]
[Result "1/2-1/2"]
[WhiteElo "2465"]
[BlackElo "2500"]
[PlyCount "62"]
[EventDate "1988.01.??"]
[EventType "tourn"]
[EventRounds "15"]
[EventCountry "URS"]
[EventCategory "9"]
[Source "ChessBase"]
[SourceDate "1988.12.01"]

1. e4 e5 2. Nf3 Nc6 3. Bb5 a6 4. Ba4 Nf6 5. O-O Be7 6. Re1 b5 7. Bb3 d6 8. c3
O-O 9. h3 Bb7 10. d4 Re8 11. a4 h6 12. Nbd2 Bf8 13. Bc2 exd4 14. cxd4 Nb4 15.
Bb1 c5 16. d5 Nd7 17. Ra3 c4 18. Nd4 Ne5 19. axb5 Qb6 20. Nf5 Nbd3 21. Bxd3
Nxd3 22. Re3 axb5 23. Raxd3 cxd3 24. Nxh6+ gxh6 25. Rg3+ Bg7 26. Nb3 Kf8 27.
Rxg7 Kxg7 28. Qg4+ Kh7 29. Qf5+ Kg7 30. Bxh6+ Kxh6 31. Qf6+ Kh7 1/2-1/2

[Event "Vilnius"]
[Site "Vilnius"]
[Date "1988.??.??"]
[Round "?"]
[White "Oll, Lembit"]
[Black "Khalifman, Alexander"]
[Result "1/2-1/2"]
[WhiteElo "2465"]
[BlackElo "2505"]
[PlyCount "60"]
[EventDate "1988.01.??"]
[EventType "tourn"]
[EventRounds "15"]
[EventCountry "URS"]
[EventCategory "9"]
[Source "ChessBase"]
[SourceDate "1988.12.01"]

1. e4 e5 2. Nf3 Nf6 3. d4 Nxe4 4. Bd3 d5 5. Nxe5 Bd6 6. c4 Bxe5 7. dxe5 O-O 8.
O-O Nc6 9. cxd5 Qxd5 10. Qc2 Nb4 11. Bxe4 Nxc2 12. Bxd5 Bf5 13. g4 Bxg4 14. Bf4
Nxa1 15. Be4 f5 16. Bd5+ Kh8 17. Rc1 c6 18. Be6 g5 19. Bxg5 Rae8 20. Bh6 Rxe6
21. Bxf8 Bh3 22. Rc3 Rg6+ 23. Rg3 Kg8 24. Be7 f4 25. Rxg6+ hxg6 26. Na3 f3 27.
Bc5 b6 28. Bd4 Bf5 29. b4 Nc2 30. Nxc2 Bxc2 1/2-1/2

[Event "Vilnius"]
[Site "Vilnius"]
[Date "1988.??.??"]
[Round "?"]
[White "Oll, Lembit"]
[Black "Krasenkow, Michal"]
[Result "1/2-1/2"]
[WhiteElo "2465"]
[BlackElo "2460"]
[PlyCount "61"]
[EventDate "1988.01.??"]
[EventType "tourn"]
[EventRounds "15"]
[EventCountry "URS"]
[EventCategory "9"]
[Source "ChessBase"]
[SourceDate "1988.12.01"]

1. d4 Nf6 2. Nf3 e6 3. c4 b6 4. g3 Bb7 5. Bg2 Bb4+ 6. Bd2 Bxd2+ 7. Qxd2 O-O 8.
O-O d6 9. Nc3 Ne4 10. Nxe4 Bxe4 11. Nh4 Bxg2 12. Nxg2 Nd7 13. Rac1 a5 14. Rfd1
e5 15. dxe5 Nxe5 16. Nf4 Re8 17. b3 Nd7 18. f3 Nc5 19. e4 Re5 20. Kg2 Qd7 21.
Nd5 Rae8 22. Re1 f6 23. Re3 c6 24. Nxb6 Qb7 25. Na4 Nxa4 26. bxa4 d5 27. Rce1
dxe4 28. Rxe4 Rxe4 29. Rxe4 Rxe4 30. Qd8+ Kf7 31. fxe4 1/2-1/2

[Event "Vilnius"]
[Site "Vilnius"]
[Date "1988.??.??"]
[Round "?"]
[White "Shabalov, Alexander"]
[Black "Oll, Lembit"]
[Result "1/2-1/2"]
[WhiteElo "2400"]
[BlackElo "2465"]
[PlyCount "53"]
[EventDate "1988.01.??"]
[EventType "tourn"]
[EventRounds "15"]
[EventCountry "URS"]
[EventCategory "9"]
[Source "ChessBase"]
[SourceDate "1988.12.01"]

1. d4 Nf6 2. Nf3 e6 3. Bg5 c5 4. e3 Qb6 5. Nbd2 Qxb2 6. Bd3 Qc3 7. O-O d5 8.
Bxf6 gxf6 9. e4 c4 10. Be2 Be7 11. Re1 Nc6 12. exd5 exd5 13. Bxc4 dxc4 14. Ne4
Qa5 15. d5 Ne5 16. d6 Bd8 17. Nxe5 fxe5 18. d7+ Bxd7 19. Nd6+ Kf8 20. Nxf7 Qc7
21. Qf3 Kg7 22. Nxd8 Raxd8 23. Qg3+ Kf6 24. Qh4+ Kg6 25. Qg3+ Kf6 26. Qh4+ Kg6
27. Qg3+ 1/2-1/2